| 000 | 00698nam a22001937a 4500 | ||
|---|---|---|---|
| 005 | 20150124122902.0 | ||
| 008 | 111114t mx||||| |||| 00| 0 spa d | ||
| 020 | _a9682441358 | ||
| 050 | 0 | 4 |
_aP93.5 _bM65 1999 |
| 100 | 1 | _aMoles, Abraham A. | |
| 245 | 1 | 0 |
_aLa imagen : _bComunicación funcional _c/ Abraham A. Moles ; traducción y revisión Gastón Melo Medina, |
| 260 |
_aMéxico : _bTrillas, _cr1999 |
||
| 300 |
_a271 p. : _bil. ; _c23 cm. |
||
| 500 | _aTraducción de : L´ Image, Comunication Fonctionnelle | ||
| 504 | _aIncluye bibliografía e índices | ||
| 650 | 7 |
_2LEMB. _aComunicación _xTeoria de la información |
|
| 700 | 1 |
_aMelo Medina, Gastón., _etr. |
|
| 942 |
_2ddc _cLIB |
||
| 999 |
_c27171 _d27171 |
||